Marvel vs. Capcom: Clash of Super Heroes (Characters) - Statistics

General Stats
  • This quiz has been taken 32 times
  • The average score is 28 of 42
Answer Stats
Answer % Correct
Captain America
91%
Hulk
91%
Orange Hulk
91%
Spider-Man
91%
Wolverine
91%
Gambit
83%
Mega Man
83%
Ryu
83%
Thor
83%
Cyclops
78%
Rogue
78%
Strider Hiryu
78%
Zangief
78%
Chun-Li
74%
Colossus
74%
Golden War Machine
74%
Magneto
74%
Shadow Lady
74%
War Machine
74%
Arthur
70%
Hyper Venom
70%
Jin Saotome
70%
Morrigan Aensland
70%
Morrigan (Lilith Mode)
70%
Psylocke
70%
Roll
70%
Storm
70%
Venom
70%
Iceman
65%
Captain Commando
61%
Jubilee
61%
Onslaught
61%
US Agent
52%
Anita
48%
Unknown Soldier
48%
Pure and Fur
43%
Sentinel
43%
Devilot
30%
Michelle Heart
30%
Saki Okomane
30%
Ton-Pooh
26%
Lou
22%
No matching quizzes found
Score Distribution
Percent of People with Each Score
Percentile by Number Answered
Your Score History
You have not taken this quiz